Ninjago all realms quiz - Statistics

General Stats
  • This quiz has been taken 123 times
  • The average score is 7 of 15
Answer Stats
Hint Answer % Correct
The realm where the protagonists live Ninjago
97%
Where villains go after death Cursed realm
75%
Nadakhan’s original realm Djinjago
66%
They write the future Cloud kingdom
62%
Where normal people go after death Departed realm
60%
Sora’s birthplace Imperium
56%
Where a ninja became an evil emperor Never realm
55%
Where garmadon was banished in pilots Underworld
54%
Where the administration exists Realm of madness
45%
Where Lego Chima is set Wyldness
40%
The land of magic and wonder Mysterium
32%
Contains lots of monsters Land of monsters
24%
Spoken of only once Realm of lee
18%
New 17th realm Merged realms
3%
The first realm ONI and the dragon
3%
No matching quizzes found
Score Distribution
Percent of People with Each Score
Percentile by Number Answered
Your Score History
You have not taken this quiz